Το Δικαίο της Ιδιωτικής Ασφάλισης / Ιδιωτικές Επιχειρήσεις Ασφάλισης - Διαμεσολάβηση στις Ασφαλιστικές Συμβάσεις - Ασφάλιση Αστικής Ευθύνης από Ατυχήματα Αυτοκινήτων - Επιχειρήσεις Ασφάλισης Πλοίων και Αεροσκαφών - Ενημέρωση μέχρι και το ΠΔ 252/1996 (Record no. 2888)
[ view plain ]
| 000 -LEADER | |
|---|---|
| fixed length control field | 01962cam a22001814a 4500 |
| 005 - ΗΜΕΡΟΜΗΝΙΑ ΚΑΙ ΩΡΑ ΤΕΛΕΥΤΑΙΑΣ ΕΝΗΜΕΡΩΣΗΣ | |
| Πεδίο ελέγχου | 20250605164056.0 |
| 008 - FIXED-LENGTH DATA ELEMENTS--GENERAL INFORMATION | |
| Πεδίο ελέγχου σταθερού μήκους | 250528s ||||||||||||||||||||||||d |
| 035 ## - SYSTEM CONTROL NUMBER | |
| System control number | 17479 |
| 040 ## - ΠΗΓΗ ΚΑΤΑΛΟΓΟΓΡΑΦΗΣΗΣ | |
| Φορέας πρωτότυπης καταλογογράφησης | MC Athens Campus Library |
| Γλώσσα καταλογογράφησης | Ελληνικά, Μοντέρνα (1453-) |
| Modifying agency | MC Athens Campus Library |
| Κανόνες περιγραφικής καταλογογράφησης | AACR2 |
| 245 1# - ΤΙΤΛΟΣ ΚΑΙ ΔΗΛΩΣΗ ΥΠΕΥΘΥΝΟΤΗΤΑΣ | |
| Τίτλος | Το Δικαίο της Ιδιωτικής Ασφάλισης / Ιδιωτικές Επιχειρήσεις Ασφάλισης - Διαμεσολάβηση στις Ασφαλιστικές Συμβάσεις - Ασφάλιση Αστικής Ευθύνης από Ατυχήματα Αυτοκινήτων - Επιχειρήσεις Ασφάλισης Πλοίων και Αεροσκαφών - Ενημέρωση μέχρι και το ΠΔ 252/1996 |
| 260 ## - PUBLICATION, DISTRIBUTION, ETC. | |
| Name of publisher, distributor, etc. | Allyn And Bacon, |
| Date of publication, distribution, etc. | 1997 |
| 300 ## - PHYSICAL DESCRIPTION | |
| Extent | 317 |
| 520 ## - SUMMARY, ETC. | |
| Summary, etc. | Ασφαλιστική Σύμβαση και Τροποποιήσεις της Νομοθεσίας για την Ιδιωτική Ασφάλιση και Άλλες Διατάξεις, Ασφαλιστική Σύμβαση, Γενικές Διάταξεις, Ασφάλιση Ζημιών, Είδη Ασφάλισης Ζημιών, Ασφάλιση Προσώπων, Ασφάλιση Ζωής, Ασφάλιση Ατυχημάτων και Ασθενειών, Τροποποιήσεις της Νομοθεσίας για την Ιδιωτική Ασφάλιση, Περί Ιδιωτικής Επιχειρήσεως Ασφαλίσεως, Διαμεσολάβηση στις Συμβάσεις Ιδιωτικής Ασφάλισης και Άλλες Διατάξεις, Περί Υποχρεωτικής Ασφαλίσεως της Εξ Ατυχημάτων Αυτοκινήτων Αστικής Ευθύνης, Περί Ιδιωτική Επιχειρήσεως Ασφαλίσεως Πλοίων και Αεροσκαφών, Ενιαίο Αλφαβητικό Ευρετήριο. |
| 700 1# - ΠΡΟΣΘΕΤΗ ΑΝΑΓΡΑΦΗ--ΦΥΣΙΚΟ ΠΡΟΣΩΠΟ | |
| Personal name | Γεωργακοπούλος Λεωνίδας Ν |
| 9 (RLIN) | 3615 |
| 942 ## - ADDED ENTRY ELEMENTS (KOHA) | |
| Koha item type | Books |
| Τύπος τεκμηρίου | Βιβλιοθήκη | Τρέχουσα τοποθεσία | Barcode | Αριθμός εισαγωγής | Ημερομηνία απόκτησης | Ταξιθετικό σύμβολο | Αριθμός αντιτύπου | Κατάσταση απόσυρσης | Κατάσταση χαμένου | Κατάσταση κατεστραμμένου | Μη δανεισμός | Σύνολο δανεισμών | Ημερομηνία τελευταίας εμφάνισης | Η τιμή ισχύει από |
|---|---|---|---|---|---|---|---|---|---|---|---|---|---|---|
| Books | MC Athens Campus Library | MC Athens Campus Library | 9780000028877 | 5729 | 05/06/2025 | 368 GEO | 1 | 05/06/2025 | 05/06/2025 |